000 00904cam a22002531 4500
001 rc 01000549
003 DLC
005 20260227111900.0
007 cr_|||||||||||
008 791207s1895 ilua 000 0 eng
010 _arc 01000549
035 _a(OCoLC)5773604
040 _aDLC
_cTxU
_dDLC
042 _apremarc
050 0 0 _aF786
_b.K68
100 1 _aKneedler, H. S.
245 1 0 _aThrough storyland to sunset seas;
_bwhat four people saw on a journey through the Southwest to the Pacific coast.
_cBy H. S. Kneedler ...
260 _aChicago,
_bKnight, Leonard & Co., Printers,
_c1895.
300 _a2 p. l., [3]-205 p.
_billus.
_c24 cm.
530 _aAlso available in digital form on the Internet Archive Web site.
651 0 _aSouthwest, New
_xDescription and travel.
651 0 _aSouthwest, Old
_xDescription and travel.
856 4 1 _uhttp://hdl.loc.gov/loc.gdc/scd0001.00170630245
999 _c51839
_d51839